00329nam a2200133Ia 4500008004100000020001500041041001200056100001900068245004900087250000800136260002900144300000800173650001400181221030s9999 xx 000 0 und d a817656706X aEnglish aY. P. Kanetkar 0aData Structures through Ccby Y. P. Kanetkar a2nd bBPB PubaNew Delhic2015 a647 aComputers